| 000 | 00438nam a2200193Ia 4500 | ||
|---|---|---|---|
| 008 | 210210b1846 xxu||||| |||| 00| 0 eng d | ||
| 041 | _aeng | ||
| 082 | _a483/9 | ||
| 100 | _aYATES (W) | ||
| 245 | _aDictionary in Sanscrit and English | ||
| 260 |
_aCalcutta _b- _c1846 |
||
| 650 | _aSanscrit | ||
| 650 | _ain | ||
| 650 | _aEnglish | ||
| 650 | _aDictionary | ||
| 650 | _aand | ||
| 690 | _aSanskrit Dictionaries | ||
| 906 | _a006975 | ||
| 999 |
_c141016 _d141016 |
||